Statistiques concernant Adversaires des Pays-Bas en Coupe du Monde depuis 1934

Cliquez ici pour prendre le quiz!

Statistiques générales

  • Ce quiz a été pris 85 fois
  • Le résultat moyen est 44 sur 50

Statistiques - réponses

DateAnnéeVilleTourAdversaireScore% Correct
12/072014BrasiliaPetite finaleBrésil0-3
100%
02/072010Port ElizabethQuart de finaleBrésil2-1
100%
07/071998MarseilleDemi-finaleBrésil1-1(4-2(tab))
100%
09/071994DallasQuart de finaleBrésil3-2
100%
03/071974DortmundSecond tourBrésil2-0
100%
13/062014SalvadorPremier tourEspagne1-5
100%
11/072010JohannesbourgFinaleEspagne0-1(ap)
100%
18/061978CórdobaSecond tourAllemagne de l'Ouest2-2
99%
07/071974MunichFinaleAllemagne de l'Ouest2-1
99%
24/061990MilanHuitième de finaleAllemagne de l'Ouest2-1
99%
16/061990CagliariPremier tourAngleterre0-0
99%
25/061994OrlandoPremier tourBelgique1-0
97%
13/061998Saint-DenisPremier tourBelgique0-0
97%
21/061978Buenos AiresSecond tourItalie2-1
97%
29/062014FortalezaHuitième de finaleMexique2-1
97%
25/061998Saint-EtiennePremier tourMexique2-2
97%
25/062006NurembergHuitième de finalePortugal1-0
97%
21/062006Francfort-sur-le-MainPremier tourArgentine0-0
96%
25/061978Buenos AiresFinaleArgentine3-1
96%
09/072014São PauloDemi-finaleArgentine0-0(2-4(tab))
96%
26/061974GelsenkirchenSecond tourArgentine4-0
96%
04/071998MarseilleQuart de finaleArgentine2-1
96%
19/062010DurbanPremier tourJapon1-0
96%
19/061974DortmundPremier tourSuède0-0
96%
23/062014São PauloPremier tourChili2-0
94%
06/072010Le CapDemi-finaleUruguay2-3
94%
15/061974HanovrePremier tourUruguay0-2
94%
18/062014Porto AlegrePremier tourAustralie2-3
92%
11/071998ParisPetite finaleCroatie1-2
91%
04/071994OrlandoHuitième de finaleIrlande2-0
91%
21/061990PalermePremier tourIrlande1-1
91%
14/062010JohannesbourgPremier tourDanemark2-0
90%
29/061998ToulouseHuitième de finaleYougoslavie2-1
88%
29/061994OrlandoPremier tourMaroc1-2
87%
20/061998MarseillePremier tourCorée du Sud5-0
86%
27/051934MilanHuitième de finaleSuisse3-2
86%
11/061978MendozaPremier tourEcosse3-2
83%
07/061978MendozaPremier tourPérou0-0
83%
14/061978CórdobaSecond tourAutriche5-1
82%
12/061990PalermePremier tourEgypte1-1
82%
24/062010Le CapPremier tourCameroun1-2
79%
05/072014SalvadorQuart de finaleCosta Rica0-0(4-3(tab))
78%
23/061974DortmundPremier tourBulgarie1-4
77%
05/061938Le HavreHuitième de finaleTchécoslovaquie3-0(ap)
74%
16/062006StuttgartPremier tourCôte d'Ivoire2-1
73%
03/061978MendozaPremier tourIran3-0
71%
20/061994WashingtonPremer tourArabie saoudite2-1
69%
28/062010DurbanHuitième de finaleSlovaquie2-1
68%
30/061974GelsenkirchenSecond tourAllemagne de l'Est0-2
55%
11/062006LeipzigPremier tourSerbie-et-Monténégro0-1
17%

Distribution des résultats

Percentile par nombre de réponses

% des personnes avec chaque résultat

Votre développement - résultats

Vous n’avez pas pris ce quiz